[Event "GER-ch Seniors 65 31st"]
[Site "Radebeul"]
[Date "2019.05.01"]
[Round "6"]
[White "Lenk, Wolfgang"]
[Black "Biller, Helmut"]
[Result "1/2-1/2"]
[WhiteElo "2134"]
[BlackElo "2010"]
[PlyCount "36"]
[EventDate "2019.04.26"]
[EventType "swiss"]
[EventRounds "9"]
[EventCountry "GER"]
[SourceTitle "CBM 190 Extra"]
[Source "ChessBase"]
[SourceDate "2019.07.15"]
[SourceVersion "1"]
[SourceVersionDate "2019.07.15"]
[SourceQuality "1"]

1. e4 e5 2. Nf3 Nc6 3. Bb5 a6 4. Ba4 Nf6 5. 0-0 Be7 6. Re1 b5 7. Bb3 d6 8. c3 0-0 9. h3 Nb8 10. d4 Nbd7 11. Nbd2 Bb7 12. Bc2 Re8 13. Nf1 Bf8 14. Ng3 g6 15. dxe5 dxe5 16. Be3 h6 17. Qd2 Kh7 18. Rad1 Qe7 1/2-1/2

[Event "GER-ch Seniors 65 31st"]
[Site "Radebeul"]
[Date "2019.04.27"]
[Round "2"]
[White "Rahls, Peter"]
[Black "Biller, Helmut"]
[Result "1-0"]
[WhiteElo "2193"]
[BlackElo "2010"]
[PlyCount "101"]
[EventDate "2019.04.26"]
[EventType "swiss"]
[EventRounds "9"]
[EventCountry "GER"]
[SourceTitle "CBM 190 Extra"]
[Source "ChessBase"]
[SourceDate "2019.07.15"]
[SourceVersion "1"]
[SourceVersionDate "2019.07.15"]
[SourceQuality "1"]

1. e4 e5 2. Nf3 Nc6 3. Bc4 Bc5 4. c3 Nf6 5. d3 d6 6. a4 a6 7. 0-0 0-0 8. Nbd2 Ba7 9. h3 Ne7 10. Re1 Ng6 11. Nf1 h6 12. Be3 c6 13. Bxa7 Rxa7 14. d4 Qc7 15. a5 Nf4 16. Ng3 Ra8 17. Nh4 g6 18. Ne2 Nxe2+ 19. Qxe2 Kg7 20. g4 Qe7 21. Ng2 g5 22. Qf3 Ng8 23. Rad1 Qf6 24. Qg3 Ne7 25. Re3 Ng6 26. Rf3 Nf4 27. Nxf4 exf4 28. Qg2 Re8 29. Bd3 Re7 30. Bc2 Bd7 31. Re1 Rh8 32. Rd3 Bc8 33. f3 h5 34. Rdd1 hxg4 35. hxg4 Qh6 36. Kf2 Qh4+ 37. Ke2 Qh2 38. Rg1 Qxg2+ 39. Rxg2 f6 40. Rf1 Kf8 41. Kd3 Kg7 42. Kc4 Bd7 43. Rff2 Be8 44. Rh2 Rxh2 45. Rxh2 Bg6 46. b4 Kg8 47. d5 Rh7 48. Rxh7 Kxh7 49. dxc6 bxc6 50. Kd4 Kg7 51. Bd3 1-0

[Event "Wch Seniors 65 28th"]
[Site "Bled"]
[Date "2018.11.26"]
[Round "8"]
[White "Nukin, Tolegen"]
[Black "Biller, Helmut"]
[Result "1-0"]
[WhiteElo "2171"]
[BlackElo "2035"]
[PlyCount "69"]
[EventDate "2018.11.18"]
[EventType "swiss"]
[EventRounds "11"]
[EventCountry "SLO"]
[SourceTitle "CBM 187 Extra"]
[Source "ChessBase"]
[SourceDate "2018.11.04"]
[SourceVersion "1"]
[SourceVersionDate "2018.11.04"]
[SourceQuality "1"]

1. e4 e5 2. Nf3 Nc6 3. Bb5 a6 4. Bxc6 dxc6 5. 0-0 Bg4 6. h3 h5 7. d3 Qf6 8. Nbd2 Bc5 9. Nc4 Bxf3 10. Qxf3 Qxf3 11. gxf3 Bd6 12. f4 exf4 13. Nxd6+ cxd6 14. Bxf4 0-0-0 15. f3 Ne7 16. Kf2 f6 17. Rg1 g5 18. Bd2 Rdg8 19. Bc3 Rh6 20. f4 Rhg6 21. f5 Rh6 22. h4 g4 23. Kg3 c5 24. b4 Nc6 25. bxc5 dxc5 26. a4 b6 27. Ra2 Kc7 28. Rb2 Rb8 29. Rgb1 a5 30. Kf4 Nb4 31. d4 Rd8 32. d5 Kd7 33. Rd1 Ke7 34. Be1 Rb8 35. c3 1-0

[Event "Wch Seniors 65 28th"]
[Site "Bled"]
[Date "2018.11.25"]
[Round "7"]
[White "Biller, Helmut"]
[Black "Furman, Boris"]
[Result "1/2-1/2"]
[WhiteElo "2035"]
[BlackElo "2206"]
[PlyCount "97"]
[EventDate "2018.11.18"]
[EventType "swiss"]
[EventRounds "11"]
[EventCountry "SLO"]
[SourceTitle "CBM 187 Extra"]
[Source "ChessBase"]
[SourceDate "2018.11.04"]
[SourceVersion "1"]
[SourceVersionDate "2018.11.04"]
[SourceQuality "1"]

1. d4 Nf6 2. c4 e6 3. Nc3 Bb4 4. Qc2 Nc6 5. Nf3 d6 6. a3 Bxc3+ 7. Qxc3 a5 8. b3 0-0 9. e3 Re8 10. Bb2 e5 11. dxe5 dxe5 12. Rd1 Qe7 13. Qc2 Bg4 14. Be2 e4 15. Nd4 Ne5 16. 0-0 Bxe2 17. Nxe2 Nd3 18. Ng3 Nxb2 19. Qxb2 h5 20. h3 Qe6 21. Rd2 h4 22. Ne2 g5 23. Rfd1 Kh7 24. Qd4 Rg8 25. Qc5 Ne8 26. Rd7 b6 27. Qe7 Qxe7 28. Rxe7 Kg6 29. Rxe4 Nd6 30. Red4 f5 31. Nc3 Rg7 32. Nd5 Ne4 33. f3 Nc5 34. b4 axb4 35. axb4 Ne6 36. R4d3 Ra4 37. Rb3 Kh6 38. Nc3 Ra8 39. Nb5 Kg6 40. Rb2 Re7 41. Kf2 Kf6 42. Rd3 Ra1 43. Rdd2 Rc1 44. Rdc2 Rh1 45. Nd4 Nxd4 46. exd4 Ree1 47. Re2 Rc1 48. Rec2 Rce1 49. Re2 1/2-1/2

[Event "Wch Seniors 65 28th"]
[Site "Bled"]
[Date "2018.11.23"]
[Round "6"]
[White "Cokan, Mirko"]
[Black "Biller, Helmut"]
[Result "0-1"]
[WhiteElo "1677"]
[BlackElo "2035"]
[PlyCount "94"]
[EventDate "2018.11.18"]
[EventType "swiss"]
[EventRounds "11"]
[EventCountry "SLO"]
[SourceTitle "CBM 187 Extra"]
[Source "ChessBase"]
[SourceDate "2018.11.04"]
[SourceVersion "1"]
[SourceVersionDate "2018.11.04"]
[SourceQuality "1"]

1. d4 Nf6 2. Nc3 d5 3. e4 dxe4 4. f3 Bf5 5. g4 Bg6 6. g5 Nd5 7. Nxe4 e6 8. Bb5+ Nd7 9. h4 a6 10. Bd3 c5 11. h5 Bf5 12. Ne2 Qc7 13. c3 cxd4 14. cxd4 Nb4 15. a3 Nxd3+ 16. Qxd3 Bd6 17. Be3 0-0 18. Kf2 Rac8 19. Rac1 Qb8 20. Rxc8 Rxc8 21. Rc1 Rxc1 22. Bxc1 Qc7 23. Qc3 Qxc3 24. N2xc3 Be7 25. Be3 Nb6 26. Nd2 Kf8 27. d5 Nxd5 28. Nxd5 exd5 29. Nb3 Ke8 30. f4 Bg4 31. h6 gxh6 32. gxh6 Bf8 33. Nc5 Bc8 34. Nd3 Bxh6 35. Kf3 Bg7 36. Bc1 Bd4 37. Be3 Bxe3 38. Kxe3 Kd7 39. Kd4 Kd6 40. Nb4 Be6 41. Nd3 b6 42. b3 f6 43. b4 Bf7 44. Nf2 h5 45. Ke3 h4 46. Kf3 d4 47. a4 Kd5 0-1

[Event "Wch Seniors 65 28th"]
[Site "Bled"]
[Date "2018.11.21"]
[Round "4"]
[White "Biller, Helmut"]
[Black "James, Kevin"]
[Result "0-1"]
[WhiteElo "2035"]
[BlackElo "1929"]
[PlyCount "64"]
[EventDate "2018.11.18"]
[EventType "swiss"]
[EventRounds "11"]
[EventCountry "SLO"]
[SourceTitle "CBM 187 Extra"]
[Source "ChessBase"]
[SourceDate "2018.11.04"]
[SourceVersion "1"]
[SourceVersionDate "2018.11.04"]
[SourceQuality "1"]

1. d4 g6 2. c4 Bg7 3. Nc3 c5 4. Nf3 cxd4 5. Nxd4 Nc6 6. e3 Nf6 7. Be2 0-0 8. 0-0 b6 9. Bf3 Bb7 10. b3 e5 11. Ndb5 e4 12. Be2 d5 13. Ba3 Ne7 14. cxd5 Nd7 15. Rc1 Nc5 16. Bxc5 bxc5 17. Nxe4 Be5 18. Nxc5 Bxd5 19. Nd4 Rc8 20. a3 Qd6 21. b4 Bxh2+ 22. Kh1 Be5 23. Nd3 Bxd4 24. exd4 Nf5 25. Ne5 Rxc1 26. Qxc1 Nxd4 27. Qe3 Nxe2 28. Qxe2 Re8 29. Nc4 Qc6 30. Ne5 Bxg2+ 31. Kg1 Bxf1 32. Nxc6 Bxe2 0-1

[Event "Wch Seniors 65 28th"]
[Site "Bled"]
[Date "2018.11.19"]
[Round "2"]
[White "Biller, Helmut"]
[Black "Gruzmann, Boris"]
[Result "0-1"]
[WhiteElo "2035"]
[BlackElo "2215"]
[PlyCount "57"]
[EventDate "2018.11.18"]
[EventType "swiss"]
[EventRounds "11"]
[EventCountry "SLO"]
[SourceTitle "CBM 187 Extra"]
[Source "ChessBase"]
[SourceDate "2018.11.04"]
[SourceVersion "1"]
[SourceVersionDate "2018.11.04"]
[SourceQuality "1"]

1. c4 e5 2. Nc3 Nc6 3. g3 g6 4. Bg2 Bg7 5. e4 d6 6. Nge2 Be6 7. d3 Qd7 8. Nd5 Nd8 9. 0-0 c6 10. Ndc3 Bh3 11. Kh1 h5 12. Ng1 Bxg2+ 13. Kxg2 h4 14. h3 Ne6 15. Be3 f5 16. Nce2 Nf6 17. exf5 gxf5 18. d4 exd4 19. Nxd4 Nxd4 20. Bxd4 Ne4 21. Qd3 0-0-0 22. Ne2 Rdg8 23. Rh1 hxg3 24. fxg3 Nxg3 25. Nxg3 f4 26. Bf2 Bxb2 27. Rad1 Be5 28. Rdf1 Rh6 29. Qe4 0-1

[Event "GER-ch Seniors 65"]
[Site "Hamburg"]
[Date "2018.07.22"]
[Round "2"]
[White "Scholtyssek, Werner"]
[Black "Biller, Helmut"]
[Result "1/2-1/2"]
[WhiteElo "1772"]
[BlackElo "2072"]
[PlyCount "96"]
[EventDate "2018.07.21"]
[EventType "swiss"]
[EventRounds "9"]
[EventCountry "GER"]
[SourceTitle "CBM 186 Extra"]
[Source "ChessBase"]
[SourceDate "2018.08.24"]
[SourceVersion "1"]
[SourceVersionDate "2018.08.24"]
[SourceQuality "1"]

1. c4 e6 2. d4 d5 3. cxd5 exd5 4. g3 Nf6 5. Bg2 c6 6. Nf3 Bf5 7. Qb3 Qb6 8. Qxb6 axb6 9. a3 Bd6 10. Nc3 Nbd7 11. 0-0 0-0 12. Nh4 Bc2 13. Bd2 h6 14. Rac1 Bh7 15. Bh3 Rfe8 16. Bf5 b5 17. Bxh7+ Kxh7 18. Ng2 Nb6 19. Bf4 Bf8 20. Rc2 Nc4 21. Ne3 g5 22. Nxc4 bxc4 23. Be5 Nd7 24. g4 Nxe5 25. dxe5 Rxe5 26. e3 Bg7 27. Ne2 Ra6 28. Ng3 Rb6 29. Nf5 Bf6 30. Kg2 Kg6 31. Rd1 Re8 32. Rcd2 Ra6 33. Nd6 Rb8 34. e4 Ra5 35. Re2 b5 36. e5 Be7 37. Nf5 Ra7 38. Nd4 Rb6 39. Nf5 c5 40. Rde1 d4 41. h4 gxh4 42. f4 d3 43. Rd2 Bd8 44. Nd6 Rxd6 45. exd6 Rd7 46. Re5 Rxd6 47. Rxc5 Ba5 48. Rd1 Rb6 1/2-1/2

[Event "GER-ch Seniors 65"]
[Site "Hamburg"]
[Date "2018.07.21"]
[Round "1"]
[White "Biller, Helmut"]
[Black "Garms, Ilse"]
[Result "1/2-1/2"]
[WhiteElo "2072"]
[BlackElo "1744"]
[PlyCount "74"]
[EventDate "2018.07.21"]
[EventType "swiss"]
[EventRounds "9"]
[EventCountry "GER"]
[SourceTitle "CBM 186 Extra"]
[Source "ChessBase"]
[SourceDate "2018.08.24"]
[SourceVersion "1"]
[SourceVersionDate "2018.08.24"]
[SourceQuality "1"]

1. d4 d5 2. Nf3 e6 3. c4 b6 4. Nc3 Be7 5. g3 Bb7 6. Bg2 Nf6 7. Ne5 0-0 8. 0-0 Nbd7 9. Qa4 Nxe5 10. dxe5 Nd7 11. cxd5 Nc5 12. Qd1 exd5 13. Nxd5 Bxd5 14. Bxd5 Rb8 15. b4 Ne6 16. a3 Qd7 17. Bb2 Rfd8 18. Be4 Qb5 19. Qc2 h6 20. Bc6 Qa6 21. b5 Qc8 22. Rad1 Rxd1 23. Rxd1 Qf8 24. Rd7 Bxa3 25. Bd5 Bxb2 26. Qxb2 Rc8 27. Bxe6 fxe6 28. Qd4 Qe8 29. e4 Qg6 30. f4 c5 31. Qc4 Kh7 32. Rd6 Re8 33. f5 Qg4 34. fxe6 Re7 35. Rd7 Rxe6 36. Qd5 Rxe5 37. Qxe5 Qxd7 1/2-1/2

[Event "WchT Seniors 65"]
[Site "Dresden"]
[Date "2018.07.08"]
[Round "2.7"]
[White "Kierzek, Matthias"]
[Black "Biller, Helmut"]
[Result "1/2-1/2"]
[WhiteElo "2247"]
[BlackElo "2072"]
[PlyCount "93"]
[EventDate "2018.07.07"]
[EventType "team-swiss"]
[EventRounds "9"]
[EventCountry "GER"]
[SourceTitle "CBM 185 Extra"]
[Source "ChessBase"]
[SourceDate "2018.07.29"]
[SourceVersion "1"]
[SourceVersionDate "2018.07.29"]
[SourceQuality "1"]
[WhiteTeam "Germany III"]
[BlackTeam "Hessen"]
[WhiteTeamCountry "GER"]
[BlackTeamCountry "GER"]

1. d4 d5 2. c4 e6 3. Nc3 Nf6 4. Nf3 Be7 5. Bf4 0-0 6. e3 c5 7. dxc5 Bxc5 8. cxd5 Nxd5 9. Nxd5 exd5 10. Bd3 Bb4+ 11. Nd2 Nc6 12. 0-0 Be6 13. Nf3 h6 14. Bc2 Qf6 15. Qd3 Rfc8 16. Qh7+ Kf8 17. a3 g5 18. Bg3 Be7 19. b4 Qg7 20. Qd3 a6 21. Bb3 Rd8 22. Rac1 Rac8 23. Rc2 Qf6 24. Qd2 Bf5 25. Rcc1 Be4 26. Nd4 Nxd4 27. exd4 Rxc1 28. Rxc1 Bd6 29. f3 Bf5 30. Re1 Bxg3 31. hxg3 Qd6 32. Re5 Be6 33. f4 f6 34. Re1 Bf5 35. Bc2 Bxc2 36. Qxc2 Kg7 37. Qc5 Kf7 38. f5 Rd7 39. Qc8 Re7 40. Re6 Rxe6 41. fxe6+ Qxe6 42. Qxb7+ Kg6 43. Kh2 h5 44. Qb8 Qe4 45. Qg8+ Kh6 46. Qf8+ Kg6 47. Qg8+ 1/2-1/2

[Event "Schleswig Holstein-ch Seniors op 11th"]
[Site "Buesum"]
[Date "2017.09.11"]
[Round "4"]
[White "Oechslein, Rainer"]
[Black "Biller, Helmut"]
[Result "1/2-1/2"]
[WhiteElo "2294"]
[BlackElo "2084"]
[PlyCount "129"]
[EventDate "2017.09.08"]
[EventType "swiss"]
[EventRounds "9"]
[EventCountry "GER"]
[SourceTitle "EXT 2019"]
[Source "ChessBase"]
[SourceDate "2018.10.10"]
[SourceVersion "1"]
[SourceVersionDate "2018.10.10"]
[SourceQuality "1"]

1. e4 e5 2. Nf3 Nc6 3. Bc4 Bc5 4. c3 Nf6 5. 0-0 Nxe4 6. d4 exd4 7. cxd4 d5 8. dxc5 dxc4 9. Qe2 Qe7 10. Re1 Nxc5 11. Qxc4 Be6 12. Qe2 0-0 13. Nc3 Rfe8 14. Bg5 f6 15. Be3 Rad8 16. Qb5 Nd3 17. Red1 Qb4 18. Rd2 a6 19. Qa4 Qxa4 20. Nxa4 Nde5 21. Nxe5 Nxe5 22. Nc5 Rxd2 23. Bxd2 Bc8 24. Rc1 b6 25. Na4 Bd7 26. Nc3 Nd3 27. Rb1 Be6 28. b3 c5 29. Be3 b5 30. a4 b4 31. Ne4 Rc8 32. Rd1 Bxb3 33. Rxd3 Bc2 34. Nd6 Bxd3 35. Nxc8 b3 36. Bc1 Kf7 37. f3 Ke6 38. Kf2 Kd7 39. Nb6+ Kc6 40. a5 Kb5 41. Ke3 Bf1 42. g3 Kxa5 43. Nd5 Bc4 44. Bd2+ Ka4 45. Nc3+ Ka3 46. Ke4 Kb2 47. Na4+ Kc2 48. Ba5 Bb5 49. Nc3 Bc6+ 50. Ke3 b2 51. f4 b1Q 52. Nxb1 Kxb1 53. Bb6 c4 54. Kd4 Bb5 55. Kc3 Kc1 56. g4 Kd1 57. f5 Ke2 58. Bd4 h6 59. h4 Kf3 60. g5 Kg4 61. Bxf6 hxg5 62. Bxg5 Kxf5 63. Bd8 Kg4 64. Kb4 g6 65. Be7 1/2-1/2

[Event "Schleswig Holstein-ch Seniors op 11th"]
[Site "Buesum"]
[Date "2017.09.08"]
[Round "1"]
[White "Biller, Helmut"]
[Black "Merettig, Georg"]
[Result "1-0"]
[WhiteElo "2084"]
[BlackElo "1814"]
[PlyCount "51"]
[EventDate "2017.09.08"]
[EventType "swiss"]
[EventRounds "9"]
[EventCountry "GER"]
[SourceTitle "EXT 2019"]
[Source "ChessBase"]
[SourceDate "2018.10.10"]
[SourceVersion "1"]
[SourceVersionDate "2018.10.10"]
[SourceQuality "1"]

1. d4 Nc6 2. Nf3 e6 3. c4 Nf6 4. Nc3 Ne7 5. e4 h6 6. e5 Nh7 7. Bd3 d5 8. 0-0 dxc4 9. Bxc4 Nf5 10. d5 Bd7 11. Qb3 Qc8 12. dxe6 fxe6 13. g4 Ne7 14. Nd4 Nc6 15. Nxc6 bxc6 16. Be3 Ng5 17. f4 Nh3+ 18. Kg2 h5 19. g5 Rb8 20. Qc2 Qb7 21. Kxh3 Qxb2 22. Rfc1 Rb4 23. Qxb2 Rxb2 24. Rab1 Ba3 25. Rxb2 Bxb2 26. Rb1 1-0

[Event "GER-chT Seniors 25th"]
[Site "Magdeburg"]
[Date "2016.10.15"]
[Round "7.17"]
[White "Biller, Helmut"]
[Black "Hanisch, Friedrich"]
[Result "0-1"]
[WhiteElo "2102"]
[BlackElo "2155"]
[PlyCount "80"]
[EventDate "2016.10.09"]
[EventType "team-swiss"]
[EventRounds "7"]
[EventCountry "GER"]
[SourceTitle "EXT 2019"]
[Source "ChessBase"]
[SourceDate "2018.10.10"]
[SourceVersion "1"]
[SourceVersionDate "2018.10.10"]
[SourceQuality "1"]
[WhiteTeam "Hessen II"]
[BlackTeam "Bayern II"]
[WhiteTeamCountry "GER"]
[BlackTeamCountry "GER"]

1. d4 d5 2. Nf3 Nf6 3. c4 c6 4. Nc3 e6 5. e3 Nbd7 6. Bd3 Bd6 7. 0-0 0-0 8. e4 dxe4 9. Nxe4 Nxe4 10. Bxe4 Nf6 11. Bc2 h6 12. b3 Qe7 13. a3 c5 14. dxc5 Bxc5 15. b4 Rd8 16. Qe2 Bb6 17. Bb2 Bd7 18. Ne5 Be8 19. Rad1 Rxd1 20. Rxd1 Rd8 21. Rxd8 Qxd8 22. Qd3 Qxd3 23. Bxd3 Nd7 24. Nxd7 Bxd7 25. Be4 Bc6 26. Bxc6 bxc6 27. b5 cxb5 28. cxb5 Kf8 29. Kf1 g6 30. Ke2 Ke7 31. Bg7 h5 32. f3 Kd6 33. Bf8+ Kd5 34. Kd3 Bc5 35. Bh6 Bxa3 36. Be3 Bc5 37. Bd2 Bg1 38. Bb4 Bxh2 39. Be1 Bg1 40. Bb4 e5 0-1

[Event "GER-chT Seniors 25th"]
[Site "Magdeburg"]
[Date "2016.10.12"]
[Round "4.1"]
[White "Biller, Helmut"]
[Black "Ruemmler, Roland"]
[Result "1/2-1/2"]
[WhiteElo "2102"]
[BlackElo "1967"]
[PlyCount "63"]
[EventDate "2016.10.09"]
[EventType "team-swiss"]
[EventRounds "7"]
[EventCountry "GER"]
[SourceTitle "EXT 2019"]
[Source "ChessBase"]
[SourceDate "2018.10.10"]
[SourceVersion "1"]
[SourceVersionDate "2018.10.10"]
[SourceQuality "1"]
[WhiteTeam "Hessen II"]
[BlackTeam "Sachsen Anhalt III"]
[WhiteTeamCountry "GER"]
[BlackTeamCountry "GER"]

1. c4 Nf6 2. Nc3 g6 3. g3 Bg7 4. Bg2 0-0 5. e4 d6 6. d3 c5 7. Nge2 Nc6 8. h3 Bd7 9. 0-0 a6 10. Be3 Rb8 11. d4 cxd4 12. Nxd4 Re8 13. b3 Qc8 14. Kh2 Nxd4 15. Bxd4 Bc6 16. Rc1 Qd7 17. Bb6 h5 18. f4 Kh7 19. Qe2 Ng8 20. Rfd1 Qe6 21. Nd5 Rf8 22. Rc2 Nh6 23. Qd3 Kh8 24. Re2 Rbc8 25. Qf3 Bxd5 26. exd5 Qd7 27. Rde1 Rce8 28. Re4 Bf6 29. Qe2 Kg7 30. Bf3 Rh8 31. Kg2 Nf5 32. Qd2 1/2-1/2

[Event "GER-chT Seniors 25th"]
[Site "Magdeburg"]
[Date "2016.10.11"]
[Round "3.1"]
[White "Horn, Peter"]
[Black "Biller, Helmut"]
[Result "1/2-1/2"]
[WhiteElo "2101"]
[BlackElo "2102"]
[PlyCount "218"]
[EventDate "2016.10.09"]
[EventType "team-swiss"]
[EventRounds "7"]
[EventCountry "GER"]
[SourceTitle "EXT 2019"]
[Source "ChessBase"]
[SourceDate "2018.10.10"]
[SourceVersion "1"]
[SourceVersionDate "2018.10.10"]
[SourceQuality "1"]
[WhiteTeam "Hamburg"]
[BlackTeam "Hessen II"]
[WhiteTeamCountry "GER"]
[BlackTeamCountry "GER"]

1. d4 g6 2. c4 Bg7 3. Nc3 c5 4. e3 Nf6 5. Nf3 0-0 6. Be2 cxd4 7. exd4 d5 8. 0-0 Nc6 9. h3 b6 10. Be3 Bb7 11. Rc1 Rc8 12. b3 e6 13. a3 dxc4 14. bxc4 Na5 15. c5 Nd5 16. Nxd5 Bxd5 17. Qa4 Nb3 18. Rb1 Bxf3 19. Bxf3 Nxd4 20. cxb6 axb6 21. Bb7 Rc5 22. Qa7 Ra5 23. Qxb6 Qxb6 24. Rxb6 Rxa3 25. Rd1 e5 26. Kf1 Rb8 27. Rdb1 Bf8 28. R6b2 Kg7 29. g3 h5 30. Kg2 Bd6 31. h4 Rc3 32. Bd5 Rxb2 33. Rxb2 Rc5 34. Ba2 Ra5 35. Bc4 Rc5 36. Ba2 Rb5 37. Rxb5 Nxb5 38. Bc4 Nc7 39. Bd2 Kf8 40. Bg5 Kg7 41. Bd2 Ne8 42. Bb5 Kf8 43. Bg5 Nc7 44. Bc4 Be7 45. Bh6+ Ke8 46. Bg7 Bd6 47. Bf6 Kf8 48. Kf3 Ne8 49. Bd8 Be7 50. Ba5 f5 51. Bc3 Bd6 52. Kg2 Nf6 53. Bb3 Ne4 54. Ba5 Ke7 55. Bd5 Nf6 56. Bc4 Bc5 57. Be1 Ng4 58. Bb5 Kf6 59. Be8 Bd4 60. Kf1 e4 61. Ke2 Ne5 62. Bd2 Nd3 63. Bg5+ Kg7 64. f3 Bf2 65. fxe4 fxe4 66. Bc6 Bxg3 67. Bxe4 Nc5 68. Bd5 Be5 69. Be3 Nd7 70. Kf3 Bf6 71. Bf2 Ne5+ 72. Ke4 Ng4 73. Bg3 Kf8 74. Be6 Nh6 75. Bd6+ Ke8 76. Bg3 Ke7 77. Bc8 Nf7 78. Kd5 Bc3 79. Bf2 Kf6 80. Ke4 Nd6+ 81. Kd3 Nxc8 82. Kxc3 Nd6 83. Kd4 Kf5 84. Kd5 Ne4 85. Be1 Kf4 86. Ke6 Kg4 87. Kf7 Kf5 88. Kg7 Nf6 89. Bd2 Nd5 90. Bg5 Nc3 91. Bf6 Ne4 92. Bd8 Ng3 93. Bc7 Ne2 94. Bd8 Nf4 95. Be7 Ne6+ 96. Kh6 Nf4 97. Bd8 Nd3 98. Bg5 Ne5 99. Be7 Ng4+ 100. Kg7 Ne5 101. Bd8 Nf3 102. Kh6 Nd4 103. Be7 Ne6 104. Kh7 g5 105. hxg5 Nxg5+ 106. Kh6 h4 107. Kh5 h3 108. Bd6 Nf3 109. Bg3 Ng5 1/2-1/2

[Event "GER-chA Seniors 28th"]
[Site "Niederhausen"]
[Date "2016.08.20"]
[Round "8"]
[White "Fecht, Hans Peter"]
[Black "Biller, Helmut"]
[Result "1/2-1/2"]
[WhiteElo "2171"]
[BlackElo "2082"]
[PlyCount "33"]
[EventDate "2016.08.13"]
[EventType "swiss"]
[EventRounds "9"]
[EventCountry "GER"]
[SourceTitle "EXT 2019"]
[Source "ChessBase"]
[SourceDate "2018.10.10"]
[SourceVersion "1"]
[SourceVersionDate "2018.10.10"]
[SourceQuality "1"]

1. Nf3 Nf6 2. b3 d5 3. Bb2 e6 4. e3 Be7 5. Be2 0-0 6. 0-0 c5 7. c4 Nc6 8. d4 b6 9. cxd5 Nxd5 10. Nc3 Nxc3 11. Bxc3 Bb7 12. dxc5 Bxc5 13. Qc2 Qe7 14. Rfd1 Rfd8 15. Bb2 Rac8 16. a3 a5 17. Qc3 1/2-1/2

[Event "GER-chA Seniors 28th"]
[Site "Niederhausen"]
[Date "2016.08.19"]
[Round "7"]
[White "Biller, Helmut"]
[Black "Waagener, Ulrich"]
[Result "1/2-1/2"]
[WhiteElo "2082"]
[BlackElo "2150"]
[PlyCount "116"]
[EventDate "2016.08.13"]
[EventType "swiss"]
[EventRounds "9"]
[EventCountry "GER"]
[SourceTitle "EXT 2019"]
[Source "ChessBase"]
[SourceDate "2018.10.10"]
[SourceVersion "1"]
[SourceVersionDate "2018.10.10"]
[SourceQuality "1"]

1. c4 c6 2. d4 d5 3. cxd5 cxd5 4. Nc3 Nf6 5. Bf4 Be6 6. Qb3 Qb6 7. Qxb6 axb6 8. e3 Nfd7 9. Be2 Na6 10. Bf3 Nb4 11. Kd2 f6 12. Nge2 g5 13. Bh5+ Bf7 14. Bxf7+ Kxf7 15. Bg3 e6 16. a3 Nc6 17. b4 Be7 18. f3 Rhd8 19. Kc2 Rac8 20. Kb3 Na7 21. h4 gxh4 22. Rxh4 Nf8 23. Bf4 b5 24. Rhh1 Rc4 25. Rac1 Kg8 26. Nb1 Nc6 27. Nd2 e5 28. Bh6 exd4 29. Nxc4 bxc4+ 30. Kb2 dxe3 31. Bxe3 d4 32. Bf2 b5 33. Rhd1 Ne5 34. Nxd4 Nd3+ 35. Rxd3 cxd3 36. Rd1 Ng6 37. Nxb5 f5 38. Bd4 Rd5 39. a4 Bxb4 40. Rxd3 Nf4 41. Rb3 Be1 42. g4 fxg4 43. fxg4 h5 44. gxh5 Rxh5 45. Bc3 Bf2 46. a5 Nd3+ 47. Kc2 Nc5 48. Ra3 Ne4 49. Nd4 Nxc3 50. Rxc3 Bxd4 51. Ra3 Ba7 52. Kb3 Kf8 53. Ka4 Ke8 54. Rd3 Re5 55. a6 Bb6 56. Kb4 Ra5 57. Rd6 Rxa6 58. Kb5 Ra1 1/2-1/2

[Event "GER-chA Seniors 28th"]
[Site "Niederhausen"]
[Date "2016.08.14"]
[Round "2"]
[White "Huelsmann, Josef"]
[Black "Biller, Helmut"]
[Result "1-0"]
[WhiteElo "2192"]
[BlackElo "2082"]
[PlyCount "87"]
[EventDate "2016.08.13"]
[EventType "swiss"]
[EventRounds "9"]
[EventCountry "GER"]
[SourceTitle "EXT 2019"]
[Source "ChessBase"]
[SourceDate "2018.10.10"]
[SourceVersion "1"]
[SourceVersionDate "2018.10.10"]
[SourceQuality "1"]

1. d4 d5 2. Nf3 Nf6 3. c4 e6 4. g3 dxc4 5. Qa4+ Bd7 6. Qxc4 Bc6 7. Bg2 Bd5 8. Qd3 Be4 9. Qd1 c5 10. 0-0 Nbd7 11. Nc3 Bc6 12. h3 Be7 13. Be3 0-0 14. Qc2 Rc8 15. Rfd1 Qc7 16. Rac1 cxd4 17. Bxd4 Qb8 18. Qb1 e5 19. Be3 b5 20. Ng5 Bxg2 21. Kxg2 Qb7+ 22. f3 g6 23. Nge4 b4 24. Nxf6+ Nxf6 25. Ne4 Qb5 26. Nxf6+ Bxf6 27. Rd3 a5 28. Rxc8 Rxc8 29. Qd1 Kg7 30. Qd2 h5 31. Rd5 Qa6 32. Kf2 Qe6 33. Kg2 Qa6 34. h4 e4 35. fxe4 Qc4 36. e5 Qe4+ 37. Kh2 Bxh4 38. Rd4 Bxg3+ 39. Kxg3 Qxe5+ 40. Bf4 Qf5 41. Bh6+ Kh7 42. Qf4 Qb1 43. Qxf7+ Kxh6 44. Qf4+ 1-0

[Event "GER-chA Seniors 28th"]
[Site "Niederhausen"]
[Date "2016.08.13"]
[Round "1"]
[White "Biller, Helmut"]
[Black "Hallmann, Eberhard"]
[Result "1-0"]
[WhiteElo "2082"]
[BlackElo "1857"]
[PlyCount "57"]
[EventDate "2016.08.13"]
[EventType "swiss"]
[EventRounds "9"]
[EventCountry "GER"]
[SourceTitle "EXT 2019"]
[Source "ChessBase"]
[SourceDate "2018.10.10"]
[SourceVersion "1"]
[SourceVersionDate "2018.10.10"]
[SourceQuality "1"]

1. c4 g6 2. Nc3 c5 3. g3 Bg7 4. Bg2 Nf6 5. Nf3 Nc6 6. d4 cxd4 7. Nxd4 0-0 8. e4 e5 9. Nc2 d6 10. 0-0 h6 11. b3 Be6 12. Ba3 Ne8 13. Nb5 a6 14. Nxd6 Nxd6 15. Bxd6 Re8 16. c5 Na7 17. Qd2 Rc8 18. Rfd1 Nb5 19. Ne3 Nxd6 20. cxd6 Qd7 21. Bf1 Rc6 22. Rac1 Rd8 23. Rxc6 Qxc6 24. Bc4 Bxc4 25. bxc4 Rd7 26. Qd5 Qa4 27. c5 Kf8 28. Rb1 f6 29. Rxb7 1-0

[Event "WchT Seniors 65"]
[Site "Radebeul"]
[Date "2016.06.29"]
[Round "4.3"]
[White "Morant, Paul"]
[Black "Biller, Helmut"]
[Result "1-0"]
[WhiteElo "2091"]
[BlackElo "2082"]
[PlyCount "85"]
[EventDate "2016.06.26"]
[EventType "team-swiss"]
[EventRounds "9"]
[EventCountry "GER"]
[SourceTitle "CBM 173 Extra"]
[Source "ChessBase"]
[SourceDate "2016.08.29"]
[SourceVersion "1"]
[SourceVersionDate "2016.08.29"]
[SourceQuality "1"]
[WhiteTeam "Finland"]
[BlackTeam "Hessen"]
[WhiteTeamCountry "FIN"]
[BlackTeamCountry "GER"]

1. d4 Nf6 2. Nf3 d5 3. g3 Bf5 4. Bg2 e6 5. c4 c6 6. 0-0 Nbd7 7. b3 h6 8. Bb2 Be7 9. Nfd2 0-0 10. f3 c5 11. e3 cxd4 12. exd4 dxc4 13. bxc4 e5 14. Nb3 exd4 15. Bxd4 Rc8 16. Qe2 Re8 17. N1d2 Nc5 18. Rfd1 Bc2 19. Bf1 Bxd1 20. Rxd1 Qc7 21. Kh1 Rcd8 22. f4 b6 23. Be5 Qd7 24. Nd4 Rc8 25. Bh3 Ng4 26. Nb5 Nf2+ 27. Qxf2 Qxh3 28. Nc3 Nd3 29. Qf3 Nxe5 30. fxe5 Bb4 31. Nce4 Bxd2 32. Nd6 Qe6 33. Nxc8 Rxc8 34. Rxd2 Qxc4 35. Kg2 Qc6 36. Rd8+ Kh7 37. Rxc8 Qxc8 38. Qxf7 Qc5 39. e6 Qd5+ 40. Kh3 Qxa2 41. Qf5+ Kg8 42. e7 Qf7 43. Qc8+ 1-0